| 000 | 01495nam a22002777a 4500 | ||
|---|---|---|---|
| 999 |
_c21737 _d21737 |
||
| 003 | AR-CdUCM | ||
| 008 | 190425b ||||| |||| 00| 0 spa d | ||
| 040 |
_aMUNICIPALIDAD PROVINCIAL DEL CUSCO _cBIBLIOTECA MUNICIPAL DEL CUSCO |
||
| 082 |
_aRev.Univ/N°81/1941 _bRev.Univ/N°81/1941 |
||
| 110 |
_aUniversidad Nacional de San Antonio Abad del Cusco _915942 |
||
| 245 |
_aRevista Universitaria : _bÓrgano de la Universidad del Cuzco / |
||
| 260 |
_aCusco : _bH. G. Rozas, _c1941. |
||
| 300 |
_a256 páginas. : _c20 cm. |
||
| 440 |
_aRevista Universitaria _nAño XXX, 2° semestre 1941, N°81 _945921 |
||
| 505 | _aContenido: Axel L. Wenner Gren. -- El drama quechua Ollantay el manuscrito de Santo Domingo del Cuzco. José Gabriel Cosío. -- La idolatría en el antiguo Perú. Jorge Cornejo Bouroncle. -- Ultimas novedades de nuestro herbario. César Vargas C. -- Pasado y presente de la literatura peruana apuntes para una historia integral. Alfredo Yépez Miranda. -- Documentos relativos a la donación de The Viking Fund INC a la Universidad del Cuzco. -- Crónica universitaria. | ||
| 650 |
_aDrama Ollantay _930206 |
||
| 650 |
_aLiteratura quechua _97789 |
||
| 650 |
_aReligiosidad andina _944127 |
||
| 650 |
_aLiteratura peruana _945922 |
||
| 700 |
_aYépez Miranda, Alfredo _94230 |
||
| 700 |
_aCosío, José Gabriel _911720 |
||
| 700 |
_aCornejo Bouroncle, Jorge _915278 |
||
| 710 |
_aUniversidad Nacional de San Antonio Abad del Cusco _915942 |
||
| 942 |
_2ddc _cPP |
||
| 945 | _arac | ||